Normal view MARC view
  • SHIRKHEDKAR, DR.A.A. ,GHODKE,DR M.S,NIKALJE,DR. A.P, AND SURANA,DR. S.J

Entry Personal Name

Number of records used in: 1

001 - CONTROL NUMBER

  • control field: 8335

003 - CONTROL NUMBER IDENTIFIER

  • control field: JRU

005 - DATE AND TIME OF LATEST TRANSACTION

  • control field: 20240108165224.0

008 - FIXED-LENGTH DATA ELEMENTS

  • fixed length control field: 240108|| aca||aabn | a|a d

040 ## - CATALOGING SOURCE

  • Original cataloging agency: JRU
  • Transcribing agency: JRU

100 ## - HEADING--PERSONAL NAME

  • Personal name: SHIRKHEDKAR, DR.A.A. ,GHODKE,DR M.S,NIKALJE,DR. A.P, AND SURANA,DR. S.J

670 ## - SOURCE DATA FOUND

  • Source citation: Work cat.: (JRU)5810: SHIRKHEDKAR, DR.A.A. ,GHODKE,DR M.S,NIKALJE,DR. A.P, AND SURANA,DR. S.J, SYSTHESIS OF ESSENTIAL MEDICINAL COMPOUNDS